1991-2007 5 acuerdos con el FMI: 16 años perdidos /
En el texto se desarrolla una crítica a la falta de efectividad de las políticas implementadas en Nicaragua por parte del FMI, las cuales se establece que han sido insuficientes para atender la situación económica nicaragüense. A partir del análisis de las medidas impuestas por el FMI, se requería q...
Shranjeno v:
| Glavni avtor: | |
|---|---|
| Format: | Knjiga |
| Jezik: | Spanish |
| Teme: | |
| Oznake: |
Označite
Brez oznak, prvi označite!
|
MARC
| LEADER | 00000nam a22000007a 4500 | ||
|---|---|---|---|
| 003 | cru CIDCACS/IIS | ||
| 005 | 20220317062547.0 | ||
| 007 | ta | ||
| 008 | 171108s2008 nq |||p|r|||| 00| 0 spa d | ||
| 999 | |c 40561 |d 40561 | ||
| 040 | |c cru CIDCACS/IIS | ||
| 100 | 1 | |9 5899 |a Acevedo Vogl, Adolfo José | |
| 245 | 1 | |a 1991-2007 5 acuerdos con el FMI: |b 16 años perdidos / |c Adolfo Acevedo Vogl | |
| 300 | |a páginas 16-26 | ||
| 520 | |a En el texto se desarrolla una crítica a la falta de efectividad de las políticas implementadas en Nicaragua por parte del FMI, las cuales se establece que han sido insuficientes para atender la situación económica nicaragüense. A partir del análisis de las medidas impuestas por el FMI, se requería que un país que emergía de un conflicto bélico severo, que cuenta con bajos ingresos fiscales y alta evasión, con una abultada deuda externa, debía reducir a lo ínfimo, los gastos estatales para la atención de áreas fundamentales: educación, salud, agua potable y saneamiento, vivienda e infraestructura física. Por lo anterior, se plantea la necesidad de considerar formas alternativas de política económica, que contemplen la desigualdad social y las necesidades sociales de Nicaragua. | ||
| 650 | 4 | |9 2661 |a FMI | |
| 650 | 4 | |9 2655 |a POLITICA ECONOMICA | |
| 650 | 4 | |9 4425 |a AJUSTE ESTRUCTURAL | |
| 650 | 0 | |9 390 |a REFORMA ECONOMICA | |
| 650 | 0 | |9 5175 |a POLITICA FISCAL | |
| 650 | 0 | |a HACIENDA PUBLICA |9 3073 | |
| 650 | 0 | |9 839 |a PROBLEMAS SOCIALES | |
| 650 | 0 | |a DESIGUALDAD ECONOMICA |9 4894 | |
| 650 | 0 | |9 289 |a POLITICA SOCIAL | |
| 650 | 0 | |9 129 |a NEOLIBERALISMO | |
| 651 | 0 | |9 1861 |a NICARAGUA | |
| 773 | 0 | |0 19513 |9 1496 |a Universidad Centroamericana (UCA) de Managua, Nicaragua |d Managua: Nicaragua UCA 1981- |o 18279 |t Envio | |
| 942 | |2 ddc |c PP | ||
